An Introduction to Madhya Pradesh: (Record no. 189403)

MARC details
000 -LEADER
fixed length control field 00713nam a22001937a 4500
005 - DATE AND TIME OF LATEST TRANSACTION
control field 20220629101506.0
010 ## - LCCN (DPL NO)
LC control number ENG-133406
020 ## - INTERNATIONAL STANDARD BOOK NUMBER
International Standard Book Number 9789353163211
Terms of availability 650.00
035 ## - SYSTEM CONTROL NUMBER
System control number EN-116738
037 ## - SOURCE OF ACQUISITION
Source of stock number/acquisition DBAD/PUB
082 ## - DEWEY DECIMAL CLASSIFICATION NUMBER
Classification number 000
100 ## - MAIN ENTRY--PERSONAL NAME
Personal name Tripathi, Snehil
245 ## - TITLE STATEMENT
Title An Introduction to Madhya Pradesh:
Remainder of title General Knowledge for MPPSC Exam-Prelim and Main and All Other State Competitive Exams/
Statement of responsibility, etc Snehil Tripathi and Sonali Bansal
260 ## - PUBLICATION, DISTRIBUTION, ETC. (IMPRINT)
Place of publication, distribution, etc Chennai
Name of publisher, distributor, etc McGraw Hill Education Private Limited
Date of publication, distribution, etc 2019
270 ## - ADDRESS
Address 444/1, Sri Ekambara Naicker Industrial Estate, Alapakkam, Porur
City Chennai
Postal code 600116
300 ## - PHYSICAL DESCRIPTION
Extent vp.
Dimensions 24cm(pbk)
700 ## - ADDED ENTRY--PERSONAL NAME
Personal name Bansal, Sonali
942 ## - ADDED ENTRY ELEMENTS (KOHA)
Source of classification or shelving scheme Dewey Decimal Classification
Item type English Books
Classification part 000
Call number suffix TRI
Holdings
Withdrawn status Lost status Not for loan Collection code Home library Current library Date acquired Source of acquisition Cost, normal purchase price Full call number Barcode Copy number Cost, replacement price Koha item type
      Non-fiction Ashok Vihar Ashok Vihar 29/06/2022 DBAD/PUB 650.00 000 TRI EN-116938 1 650.00 English Books

© Delhi Public Library
Hit Counter
free hit counter